000 00555nam a2200205 a 4500
005 20140310183346.0
008 070208s19uu xx 00 eng d
020 _a0745713502
050 _aTR 267
_b.Ei378 2004
100 _aEismann, Katrin
245 _aPhotoshop restoration & retouching /
_cKatrin Eismann.
250 _a2nd ed.
260 _aBoston :
_bNew Riders,
_c2004.
300 _a366 p. :
_bcol. ill. ;
_c26 cm.
521 _aIT
650 _aAdobe photoshop.
650 _aComputer grahics.
942 _cBK
_2lcc
_kFOR
999 _c21946
_d21946